Pierce the Veil - Bulletproof Love Lyrics - Statistics

General Stats
  • This quiz has been taken 356 times
  • The average score is 197 of 279
Answer Stats
Lyric % Correct
I
99%
you
98%
the
97%
The
97%
a
94%
my
93%
My
93%
me
92%
was
92%
to
91%
but
90%
But
90%
do
90%
in
90%
In
90%
for
89%
don't
88%
Don't
88%
your
88%
on
86%
We
86%
we
86%
be
85%
with
85%
and
84%
And
84%
It
84%
it
84%
No
84%
no
84%
is
83%
smoke
83%
So
81%
so
81%
breathe
80%
backyard
79%
time
79%
until
78%
bulletproof
77%
love
77%
of
77%
used
77%
I'll
76%
laugh
76%
now
76%
best
75%
choked
75%
gone
75%
life
75%
this
74%
This
74%
you're
74%
alone
73%
shot
73%
sleep
73%
cause
72%
Cause
72%
sing
72%
who
72%
wasted
71%
I'm
70%
one
70%
light
69%
barely
68%
song
66%
up
66%
Forever
65%
forever
65%
along
64%
wake
64%
know
61%
thrill
61%
try
61%
any
60%
other
59%
hanging
58%
into
57%
nights
56%
can
55%
hold
55%
hand
54%
blame
53%
fair
53%
isn't
53%
gonna
52%
name
52%
tight
52%
behind
51%
sunset
51%
break
50%
lips
50%
never
50%
Will
50%
again
49%
leave
49%
scream
49%
blood
48%
taste
48%
wanna
47%
when
47%
wrist
47%
nothing
46%
Nothing
46%
red
46%
right
46%
say
46%
already
44%
bed
44%
from
44%
turning
44%
blinding
43%
fill
43%
goddamn
43%
join
43%
moon
43%
sink
43%
there's
43%
at
42%
pen
42%
Under
42%
vultures
42%
drunken
41%
tonight
41%
write
41%
By
40%
You've
40%
rain
39%
hearing
38%
Yeah
38%
that
36%
it's
31%
sewn
30%
just
29%
way
29%
home
28%
yours
28%
Pretend
27%
should
27%
tear
19%
voice
19%
apart
17%
No matching quizzes found
Score Distribution
Percent of People with Each Score
Percentile by Number Answered
Your Score History
You have not taken this quiz